Central Library OPAC University of Rajshahi

The French theatre of to-day : (Record no. 73886)

MARC details
000 -LEADER
fixed length control field 01391aam a2200361 a 4500
001 - CONTROL NUMBER
control field 73886
003 - CONTROL NUMBER IDENTIFIER
rucl marc code BD-RjUL
005 - DATE AND TIME OF LATEST TRANSACTION
control field 20211209082446.0
008 - FIXED-LENGTH DATA ELEMENTS--GENERAL INFORMATION
fixed length control field 200102s1953 enk 001 0 eng c
035 ## - SYSTEM CONTROL NUMBER
System control number cc
System control number (BD-RjUL)74104
040 ## - CATALOGING SOURCE
Original cataloging agency Rochester. Univ. Libr.
Transcribing agency FUG
Modifying agency SER
-- EGA
-- UKM
-- EQO
Language of cataloging eng
041 ## - LANGUAGE CODE
Language code of text/sound track or separate title eng
082 ## - DEWEY DECIMAL CLASSIFICATION NUMBER
Edition number 23
Classification number 792.0944
Author mark and year HOF 1953
090 ## - LOCALLY ASSIGNED LC-TYPE CALL NUMBER (OCLC); LOCAL CALL NUMBER (OCLC)
Classification number (OCLC) (R) ; Classification number, CALL (RLIN) (NR) PQ556
Local cutter number (OCLC) ; Book number/undivided call number, CALL (RLIN) .H6
092 ## - LOCALLY ASSIGNED DEWEY CALL NUMBER (OCLC)
Classification number D0503178911
Classification number 11611626
Classification number 11611626
100 1# - MAIN ENTRY--PERSONAL NAME
Personal name Hobson, Harold.
9 (RLIN) 237332
245 14 - TITLE STATEMENT
Title The French theatre of to-day :
Remainder of title an English view /
Statement of responsibility, etc. by Harold Hobson, author of "The theatre now".
260 ## - PUBLICATION, DISTRIBUTION, ETC. (IMPRINT)
Place of publication, distribution, etc. London :
Name of publisher, distributor, etc. Georrap G.Harrap,
Date of publication, distribution, etc. c1953.
300 ## - PHYSICAL DESCRIPTION
Pagination 232 p. ;
Size 20 cm
500 ## - GENERAL NOTE
General note "The object of this book is ... to give an Englishman's estimate of the work of [the French theatre's] principal living masters ... It has led me to concentrate, after attempting to give a general picture of the Parisian stage, on Sartre, Montherlant, Salacrou, and Anouilh." - Preface.
650 #0 - SUBJECT ADDED ENTRY--TOPICAL TERM
Topical term or geographic name as entry element French drama
Chronological subdivision 20th century
General subdivision History and criticism
9 (RLIN) 237333
Topical term or geographic name as entry element Theater
Geographic subdivision France
-- Paris
9 (RLIN) 237334
942 ## - ADDED ENTRY ELEMENTS (KOHA)
Source of classification or shelving scheme Dewey Decimal Classification
Koha item type Books
Holdings
Lost status Source of classification or shelving scheme Damaged status Not for loan Collection code Permanent Location Current Location Shelving location Date acquired Source of acquisition Cost, normal purchase price Total Checkouts Full call number Date last seen Copy number Koha item type
  Dewey Decimal Classification   Not For Loan Non-fiction Central Library, University of Rajshahi Central Library, University of Rajshahi Reading Room 09/06/1955 Alies books 7.00   792.0944 HOF 1953 02/01/2020 C-1 Books